000 00319 a2200157 4500
001 178843
020 _a
040 _cMagnum
100 _aPortes, Max de Figueiredo
240 1 0 _aConto 4 contos
_lpor
245 1 0 _aConto 4 contos
362 0 _a1899
440 1 _aLĂȘ
697 _aMAGNITO: J/CONTO
942 _cBK
999 _c178843
_d178843